<?xml version='1.0' encoding='UTF-8'?>
  <record xmlns="http://www.loc.gov/MARC21/slim">
    <leader>00000cem a2200000 i 4500</leader>
    <controlfield tag="001">ocn902601739</controlfield>
    <controlfield tag="003">OCoLC</controlfield>
    <controlfield tag="005">20251006195710.3</controlfield>
    <controlfield tag="007">au auuun</controlfield>
    <controlfield tag="008">150130s1608    ne        u     0   lat d</controlfield>
    <datafield tag="040" ind1=" " ind2=" ">
      <subfield code="a">NLGGC</subfield>
      <subfield code="b">dut</subfield>
      <subfield code="e">fobidrtb</subfield>
      <subfield code="c">NLGGC</subfield>
      <subfield code="d">QGJ</subfield>
      <subfield code="d">OCLCL</subfield>
      <subfield code="d">OCLCQ</subfield>
    </datafield>
    <datafield tag="035" ind1=" " ind2=" ">
      <subfield code="a">(OCoLC)902601739</subfield>
    </datafield>
    <datafield tag="084" ind1=" " ind2=" ">
      <subfield code="a">74.20</subfield>
      <subfield code="2">bcl</subfield>
    </datafield>
    <datafield tag="245" ind1="0" ind2="0">
      <subfield code="a">Comitatus Hollandia =</subfield>
      <subfield code="b">'t Graefschap Hollandt /</subfield>
      <subfield code="c">van nieus verb. ende verm. door Willem Janszoon [Blaeu] ; Josua vanden Ende sculpsit.</subfield>
    </datafield>
    <datafield tag="246" ind1="3" ind2=" ">
      <subfield code="a">Graefschap Hollandt</subfield>
    </datafield>
    <datafield tag="255" ind1=" " ind2=" ">
      <subfield code="a">Schaal [ca. 1:400.000].</subfield>
    </datafield>
    <datafield tag="260" ind1=" " ind2=" ">
      <subfield code="a">Amsterdam :</subfield>
      <subfield code="b">ghedruckt bij Willem Jansz. op 't water inde Sonnewijser,</subfield>
      <subfield code="c">1608.</subfield>
    </datafield>
    <datafield tag="300" ind1=" " ind2=" ">
      <subfield code="a">1 krt. :</subfield>
      <subfield code="b">kopergrav. ;</subfield>
      <subfield code="c">40 x 50 cm.</subfield>
    </datafield>
    <datafield tag="336" ind1=" " ind2=" ">
      <subfield code="a">cartografische afbeelding</subfield>
      <subfield code="b">cri</subfield>
      <subfield code="2">rdacontent/dut</subfield>
    </datafield>
    <datafield tag="337" ind1=" " ind2=" ">
      <subfield code="a">zonder medium</subfield>
      <subfield code="b">n</subfield>
      <subfield code="2">rdamedia/dut</subfield>
    </datafield>
    <datafield tag="338" ind1=" " ind2=" ">
      <subfield code="a">vel</subfield>
      <subfield code="b">nb</subfield>
      <subfield code="2">rdacarrier/dut</subfield>
    </datafield>
    <datafield tag="500" ind1=" " ind2=" ">
      <subfield code="a">Zie: 'Toonneel des Aerdrijcx', nr. 35; Campbell, T., 'Hoogtepunten uit de wereld van de cartografie'. Amsterdam, 1981 (met op p. 90-91 een afbeelding in kleur van het exemplaar van deze kaart in de British Library te Londen); Hoff, B. van 't, 'De kaart van Holland gedrukt in 1608 door Willem Jansz. (Blaeu) in reproductie uitgegeven door de Historische Vereniging voor Zuid Holland onder de zinspreuk 'Vigilate Deo Confidentes'', 1951; Schilder, G., Some decorative maps of Holland 1596-1610. In: 'The Map Collector' 5 (1978), p. 21-28; Wieder, F.C., Merkwaardigheden der oude cartographie van Noord-Holland. In: 'Tijdschrift van het K.N.A.G.' 2e reeks, 35 (1918), p. 479-523 en 678-706 (nr. 27 op p. 501).</subfield>
    </datafield>
    <datafield tag="500" ind1=" " ind2=" ">
      <subfield code="a">Het noorden rechts.</subfield>
    </datafield>
    <datafield tag="500" ind1=" " ind2=" ">
      <subfield code="a">Met 2 schaalstokken ( Miliaria Germanica communia, Horae itineris).</subfield>
    </datafield>
    <datafield tag="500" ind1=" " ind2=" ">
      <subfield code="a">In de randen afbeeldingen van Hollandse klederdrachten, van zeilwagens en van de steden van Holland. Drie exemplaren in Nederland bekend.</subfield>
    </datafield>
    <datafield tag="500" ind1=" " ind2=" ">
      <subfield code="a">'Met privilegie der Heeren Staten van Hollant ende Westvrieslandt ...'</subfield>
    </datafield>
    <datafield tag="510" ind1="0" ind2=" ">
      <subfield code="a">Schilder, 'Monumenta cartographica Neerlandica', 6, 308-311</subfield>
    </datafield>
    <datafield tag="651" ind1=" " ind2="7">
      <subfield code="a">Holland.</subfield>
      <subfield code="0">(NL-LeOCL)078535999.</subfield>
      <subfield code="2">gtt</subfield>
    </datafield>
    <datafield tag="655" ind1=" " ind2="7">
      <subfield code="a">Kaarten (vorm)</subfield>
      <subfield code="0">(NL-LeOCL)088143554.</subfield>
      <subfield code="2">gtt</subfield>
    </datafield>
    <datafield tag="700" ind1="1" ind2=" ">
      <subfield code="a">Blaeu, Willem Janszoon,</subfield>
      <subfield code="d">1571-1638.</subfield>
    </datafield>
    <datafield tag="700" ind1="1" ind2=" ">
      <subfield code="a">Ende, Josua vanden.</subfield>
    </datafield>
    <datafield tag="700" ind1="1" ind2=" ">
      <subfield code="a">Ende, Josua vanden.</subfield>
      <subfield code="4">egr</subfield>
    </datafield>
    <datafield tag="856" ind1="4" ind2="1">
      <subfield code="u">http://objects.library.uu.nl/reader/resolver.php?obj=002029101&amp;type=2</subfield>
      <subfield code="x">Online</subfield>
      <subfield code="z">Full text</subfield>
    </datafield>
    <datafield tag="936" ind1=" " ind2=" ">
      <subfield code="a">BATCHLOAD</subfield>
    </datafield>
  </record>